000 00493nam a2200181Ia 4500
008 180921t2017 xxu||||| |||| 00| 0 sin d
041 _asin
080 _a8-31
_bTHO (Russia)
100 _aTholesthoi, Liyo
245 _aපෙමතො ජාය‍ති සොකො
246 _aPematho Jayati Soko
260 _bGodage
_aColombo
_c2017
300 _a22cm, 127p
700 _aKalubowila Siril C.Perera
_etr.
942 _cBK
999 _c11561
_d11561
003 LK-CoDNM
040 _aLK-CoDNM
_dLK-CoDNM
_eLK-CoDNM